[Event "Lippe Cup-C 08th"]
[Site "Lieme"]
[Date "2011.10.29"]
[Round "3"]
[White "Bringer, Pascal"]
[Black "Steffens, Oliver"]
[Result "1/2-1/2"]
[WhiteElo "1283"]
[BlackElo "1048"]
[PlyCount "77"]
[EventDate "2011.10.28"]
[EventType "swiss"]
[EventRounds "5"]
[EventCountry "GER"]
[SourceTitle "EXT 2012"]
[Source "ChessBase"]
[SourceDate "2011.11.24"]
[SourceVersion "1"]
[SourceVersionDate "2011.11.24"]
[SourceQuality "1"]

1. d4 d5 2. c4 c6 3. Nc3 e6 4. Nf3 Nd7 5. a3 Ngf6 6. Bg5 Be7 7. e3 h6 8. Bh4 Qb6 9. b4 a5 10. c5 Qd8 11. b5 cxb5 12. Nxb5 Nb8 13. Bg3 0-0 14. Bc7 Qe8 15. Bb6 Bd8 16. Nd6 Qe7 17. Nxc8 Qd7 18. Bxd8 Qxd8 19. Nb6 Ra7 20. Bb5 Nc6 21. Bxc6 bxc6 22. 0-0 Ne4 23. Qd3 f6 24. Nd2 Ng5 25. a4 Qe8 26. f4 Nh7 27. Rfe1 Raf7 28. e4 Qb8 29. e5 fxe5 30. fxe5 Qd8 31. Nf3 Ng5 32. Nxg5 Qxg5 33. Rf1 Rf4 34. Rxf4 Rxf4 35. Rf1 Rxf1+ 36. Qxf1 Qe3+ 37. Qf2 Qc1+ 38. Qf1 Qe3+ 39. Qf2 1/2-1/2

[Event "Enger Knappen Cup op-B"]
[Site "Enger"]
[Date "2010.12.29"]
[Round "5"]
[White "Tannebaum, Guenter"]
[Black "Bringer, Pascal"]
[Result "1-0"]
[WhiteElo "1604"]
[BlackElo "1148"]
[PlyCount "67"]
[EventDate "2010.12.27"]
[EventType "swiss"]
[EventRounds "7"]
[EventCountry "GER"]
[SourceTitle "CBM 140 Extra"]
[Source "ChessBase"]
[SourceDate "2011.03.01"]
[SourceVersion "1"]
[SourceVersionDate "2011.03.01"]
[SourceQuality "1"]

1. d4 e6 2. Nf3 d5 3. e3 c5 4. b3 Nc6 5. Bb2 Qb6 6. Qc1 Nge7 7. dxc5 Qxc5 8. a3 b5 9. b4 Qb6 10. Bd3 a5 11. c3 axb4 12. cxb4 Bb7 13. 0-0 Rc8 14. Qd1 f6 15. Qe2 Ba6 16. Nd4 Nxd4 17. Bxd4 Qb7 18. Bc5 e5 19. f3 Rd8 20. Nd2 d4 21. exd4 exd4 22. Rfe1 g6 23. Ne4 Kd7 24. Nd6 Qd5 25. Be4 Qe5 26. Nf7 Qh5 27. Rad1 Kc8 28. Nxd8 Kxd8 29. Rxd4+ Kc8 30. Qd2 Bh6 31. Qc2 Bf4 32. Bd6+ Kd8 33. Qc7+ Ke8 34. Qxe7# 1-0